[Event "III Dolnoslaska Liga Szachowa 2017/2018"]
[Site "Dolny Slask"]
[Date "1899-12-30"]
[Round "6.15"]
[White "Rogacka, Natalia"]
[Black "Kurtyka, Barbara"]
[Result "0-1"]
[WhiteTitle "I"]
[BlackTitle "I"]
[WhiteElo "1558"]
[BlackElo "1876"]

1. e4 c5 2. c3 g6 3. d4 cxd4 4. cxd4 Bg7 5. Nf3 d6 6. Nc3 Nc6 7. Be3 Bg4 8. Bb5
a6 9. Ba4 b5 10. Bb3 Nf6 11. h3 Bxf3 12. Qxf3 Rc8 13. a3 O-O 14. O-O Na5 15. Ba2
Nc4 16. Bxc4 Rxc4 17. Rac1 Qc7 18. Rfe1 Rc8 19. Bg5 Qb7 20. Qe2 h6 21. Bxf6 Bxf6
22. Qe3 Qa7 23. Ne2 Rxc1 24. Rxc1 Rxc1+ 25. Qxc1 Bxd4 26. Nxd4 Qxd4 27. Qc2 Qc4
28. Qb1 e6 29. Qe1 d5 30. exd5 exd5 31. Qe8+ Kg7 32. Qe5+ Kh7 33. f3 d4 34. Qe4
Qc1+ 35. Kh2 Qxb2 36. Qd5 Kg8 37. Qa8+ Kg7 38. Qxa6 d3 39. Qd6 d2 0-1

[Event "III Dolnoslaska Liga Szachowa 2017/2018"]
[Site "Dolny Slask"]
[Date "1899-12-30"]
[Round "6.16"]
[White "Daniel, Damian"]
[Black "Cechura, Petr"]
[Result "1-0"]
[WhiteTitle "I++"]
[BlackTitle ""]
[WhiteElo "2094"]
[BlackElo "2172"]

1. d4 d5 2. Nf3 a6 3. g3 Nf6 4. Bg2 c5 5. dxc5 Qa5+ 6. Nc3 e6 7. O-O Bxc5 8. e4
O-O 9. exd5 exd5 10. Bg5 Be6 11. Bxf6 gxf6 12. Nd4 Bd6 13. Re1 Be5 14. f4 Bxd4+
15. Qxd4 Nc6 16. Qxf6 Qd8 17. Qh6 Qb6+ 18. Kh1 Qxb2 19. Qg5+ Kh8 20. Qf6+ Kg8
21. g4 Rac8 22. f5 Nb4 23. Nxd5 Qxf6 24. Nxf6+ Kg7 25. Nh5+ Kh6 26. fxe6 Nxc2
27. e7 Rfe8 28. Bxb7 Rc7 29. Rac1 Kg5 30. Re5+ f5 31. Rxf5+ Kxg4 32. Be4 Kh4 33.
Nf6 1-0

[Event "III Dolnoslaska Liga Szachowa 2017/2018"]
[Site "Dolny Slask"]
[Date "1899-12-30"]
[Round "6.17"]
[White "Pyka, Roman"]
[Black "Kowalczuk, Wojciech"]
[Result "1/2-1/2"]
[WhiteTitle "I++"]
[BlackTitle "k"]
[WhiteElo "1957"]
[BlackElo "2043"]

1. d4 e6 2. Nf3 c5 3. c4 cxd4 4. Nxd4 Nf6 5. Nc3 a6 6. e4 Bb4 7. Bd3 Qc7 8. O-O
Nc6 9. Nxc6 bxc6 10. Na4 Be7 11. Be3 c5 12. Nc3 Bb7 13. f4 d6 14. Qe2 O-O 15.
Rad1 Bc6 16. Bc1 Nd7 17. Rde1 Bf6 18. Nd1 g6 19. Kh1 Bg7 20. Bd2 Rae8 21. Bc3
f6 22. Qc2 Re7 23. Ne3 Rfe8 24. Rd1 Rf7 25. Rde1 Rfe7 26. Rd1 Rf7 27. Rde1 Rfe7
1/2-1/2

[Event "III Dolnoslaska Liga Szachowa 2017/2018"]
[Site "Dolny Slask"]
[Date "1899-12-30"]
[Round "6.18"]
[White "Szmyd, Marek"]
[Black "Gromczak, Dariusz"]
[Result "1/2-1/2"]
[WhiteTitle "k"]
[BlackTitle "I+"]
[WhiteElo "1940"]
[BlackElo "1943"]

1. e4 c5 2. Nf3 e6 3. d4 cxd4 4. Nxd4 Nc6 5. Be3 Nf6 6. Nc3 Qc7 7. Bd3 a6 8. O-O
Be7 9. Kh1 Ne5 10. f4 Neg4 11. Bg1 d6 12. Qe2 b5 13. Bxb5+ axb5 14. Ncxb5 Qd7
15. e5 O-O 16. exf6 Nxf6 17. c4 Bb7 18. a3 Ne4 19. f5 e5 20. Nc2 d5 21. cxd5 Bxd5
22. Rad1 Rab8 23. Qxe4 Bxe4 24. Rxd7 Rxb5 25. Rxe7 Bxc2 26. b4 f6 27. Rc1 Rc8
28. Rd7 Rbb8 29. Ba7 Bxf5 30. Rdc7 Rxc7 31. Rxc7 Rd8 32. Rc1 Ra8 33. Rc7 Rd8 34.
Rc1 Ra8 35. Rc7 1/2-1/2

[Event "III Dolnoslaska Liga Szachowa 2017/2018"]
[Site "Dolny Slask"]
[Date "1899-12-30"]
[Round "6.19"]
[White "Olesko, Mariusz"]
[Black "Kilanski, Janusz"]
[Result "1-0"]
[WhiteTitle "I"]
[BlackTitle "II"]
[WhiteElo "1479"]
[BlackElo "1612"]

1. e4 c5 2. Nf3 g6 3. d4 cxd4 4. Nxd4 Bg7 5. Be3 Nf6 6. Nc3 d6 7. Be2 Nc6 8. Qd2
Ng4 9. Bxg4 Bxg4 10. f3 Bd7 11. Nxc6 bxc6 12. O-O h5 13. Rad1 Qa5 14. Bd4 f6 15.
Kh1 h4 16. Ne2 Qb5 17. b3 g5 18. a4 Qb7 19. h3 Qc8 20. Ng1 c5 21. Be3 c4 22. Bd4
Be6 23. b4 a6 24. c3 Qc6 25. a5 Bh6 26. Be3 Rg8 27. Ne2 Qc8 28. Ng1 Qb7 29. Ne2
Rd8 30. Nd4 Bd7 31. Qc2 Qc8 32. Bc1 Kf7 33. Nf5 Bxf5 34. exf5 d5 35. Rfe1 Rd6
36. Ba3 Rd7 37. Re6 Re8 38. Qe2 Rd6 39. f4 Rxe6 40. Qh5+ Kg8 41. fxe6 Bg7 42.
Qf7+ Kh7 43. fxg5 fxg5 44. Qf5+ Kh6 45. Bc1 Bf6 46. Rxd5 Rg8 47. Qg4 Rg6 48. Qxh4+
Kg7 49. Qe4 Bxc3 50. Rxg5 Rxg5 51. Bxg5 Bxb4 52. Qe5+ Kg6 53. Be3 Qf8 54. Qg5+
Kh7 55. Qh5+ Kg8 56. Qg4+ Qg7 57. Qxc4 Qa1+ 58. Kh2 Qe5+ 59. Bf4 Qxa5 60. Qe4
Bc3 61. Qg6+ Bg7 62. Qe8+ Kh7 63. Qxe7 Qe1 64. Qf7 1-0

[Event "III Dolnoslaska Liga Szachowa 2017/2018"]
[Site "Dolny Slask"]
[Date "1899-12-30"]
[Round "6.21"]
[White "Laszewicz, Pawel"]
[Black "Koszkul, Wojciech"]
[Result "1/2-1/2"]
[WhiteTitle "k"]
[BlackTitle "I++"]
[WhiteElo "2077"]
[BlackElo "2035"]

1. e4 c6 2. d4 d5 3. e5 e6 4. Nf3 c5 5. b4 cxd4 6. a3 a5 7. b5 Nd7 8. Bb2 Bc5 9.
Bxd4 b6 10. c3 Bb7 11. Bd3 Ne7 12. O-O Ng6 13. Re1 Be7 14. Nbd2 Nc5 15. Bc2 Qc7
16. g3 O-O 17. h4 Rfd8 18. Ng5 Bxg5 19. hxg5 Rac8 20. a4 Ne7 21. Qg4 Ne4 22. Nxe4
dxe4 23. Bxe4 Bxe4 24. Qxe4 g6 25. Kg2 Nf5 26. Rad1 Rd5 27. Rc1 Qd8 28. Red1 Nxd4
29. cxd4 Rxc1 30. Rxc1 Rxd4 31. Rc8 Rxe4 32. Rxd8+ Kg7 33. f4 Rxa4 34. Rb8 Rb4
35. Rxb6 a4 36. Rb8 a3 37. Ra8 Rxb5 38. Rxa3 Rb4 39. Kf3 Rd4 40. Ke3 Rc4 41. Rd3
Ra4 1/2-1/2

[Event "III Dolnoslaska Liga Szachowa 2017/2018"]
[Site "Dolny Slask"]
[Date "1899-12-30"]
[Round "6.22"]
[White "Lipien, Wieslaw"]
[Black "Siembab, Bartosz"]
[Result "0-1"]
[WhiteTitle "I++"]
[BlackTitle "k++"]
[WhiteElo "2036"]
[BlackElo "2252"]

1. e4 c5 2. Nf3 e6 3. d4 cxd4 4. Nxd4 a6 5. Nc3 Nc6 6. Be2 d6 7. Be3 Nf6 8. O-O
Be7 9. f4 Qc7 10. Qe1 O-O 11. Qg3 Re8 12. Rad1 Bd7 13. f5 Kh8 14. fxe6 fxe6 15.
Kh1 b5 16. a3 Rab8 17. Nxc6 Bxc6 18. Bd3 b4 19. axb4 Rxb4 20. Bc1 Qb7 21. b3 e5
22. Bg5 Nxe4 23. Nxe4 Bxe4 24. Bxa6 Qxa6 25. Bxe7 Bxc2 26. Rf8+ Rxf8 27. Bxf8
Rb7 28. Rc1 Rf7 29. Bxg7+ Rxg7 30. Qh4 Qa8 31. Qh3 Bf5 0-1

[Event "III Dolnoslaska Liga Szachowa 2017/2018"]
[Site "Dolny Slask"]
[Date "1899-12-30"]
[Round "6.23"]
[White "Luba, Lukasz"]
[Black "Jurkowski, Marcin"]
[Result "0-1"]
[WhiteTitle "I"]
[BlackTitle "I"]
[WhiteElo "2095"]
[BlackElo "2017"]

1. e3 d5 2. d4 Nf6 3. c4 e6 4. Nc3 Bb4 5. a3 Bxc3+ 6. bxc3 c5 7. Nf3 Nc6 8. Qc2
O-O 9. Bd3 b6 10. O-O Ba6 11. cxd5 Bxd3 12. Qxd3 exd5 13. Ne5 Qc7 14. Nxc6 Qxc6
15. f3 Rfe8 16. Ra2 Re6 17. a4 Rc8 18. Bd2 Ne8 19. Qb5 Qa8 20. Qb1 Nd6 21. Re1
Rce8 22. Bc1 Qc6 23. g4 Qd7 24. Qb3 Nc4 25. Rae2 Rf6 26. Kg2 Rfe6 27. h3 cxd4
28. cxd4 Qb7 29. Kg3 a6 30. e4 Qc7+ 31. Bf4 Qc6 32. Rc2 b5 33. axb5 axb5 34. Rd1
Qa8 35. Ra2 Qb7 36. Rc1 Rb6 37. e5 Ra6 38. Rb1 Rxa2 39. Qxa2 Qb6 40. Qb3 Rb8 41.
Qb4 Qe6 42. Qc5 Rc8 43. Qa7 Qc6 44. h4 h6 45. g5 h5 46. Qe7 Qb6 47. Qd7 Rd8 48.
Qe7 Rc8 49. Qd7 Rd8 50. Qf5 b4 51. Qd3 Ra8 52. Bc1 Ra4 53. f4 g6 54. f5 gxf5 55.
Kf4 Nxe5 56. Kxe5 Ra8 57. Kf4 Qc7+ 58. Kf3 Qh2 59. Qe2 Qh1+ 60. Qg2 Qxh4 61. Qe2
Qh1+ 62. Kf4 Qh4+ 63. Kxf5 Qh3+ 64. Kf6 Rc8 0-1

[Event "III Dolnoslaska Liga Szachowa 2017/2018"]
[Site "Dolny Slask"]
[Date "1899-12-30"]
[Round "6.24"]
[White "Wilk, Aleksander"]
[Black "Szczesniak, Konrad"]
[Result "1/2-1/2"]
[WhiteTitle "III"]
[BlackTitle "k"]
[WhiteElo "1279"]
[BlackElo "2101"]

1. e4 c5 2. Nf3 Nc6 3. c3 g6 4. d4 cxd4 5. cxd4 Bg7 6. Nc3 e6 7. Be3 Nge7 8. Qd2
d5 9. e5 Nf5 10. Bb5 O-O 11. Bxc6 bxc6 12. O-O Nxe3 13. Qxe3 Qa5 14. Rfe1 Rb8
15. Rab1 Ba6 16. Nd2 c5 17. dxc5 d4 18. Qxd4 Rfd8 19. Qf4 Bd3 20. b4 Qc7 21. Rb2
f6 22. Qg4 Bf5 23. Qc4 fxe5 24. Nb3 e4 25. Rd2 Qf4 26. Nxe4 Kf8 27. Rxd8+ Rxd8
28. Nd6 Qxc4 29. Nxc4 Bc3 30. Rc1 Bxb4 31. c6 Ke7 32. c7 Rc8 33. Ne5 Bd6 34. Nc6+
Kd7 35. Nxa7 Rxc7 36. Rxc7+ Bxc7 37. Nb5 Bb6 38. N5d4 Bb1 39. a4 Ba2 40. a5 Ba7
41. Nc1 Bc4 42. Nc2 Bc5 43. Ne3 Bb5 44. Nb3 Bb4 45. Nc2 Bd6 46. Ncd4 Bc4 47. Nd2
Bd3 48. g3 Bb4 49. N2f3 Kd6 50. Ng5 e5 51. Nf7+ Kd5 52. Nc6 Bc3 53. Ncd8 Bb5 54.
Ng5 h6 55. Nf3 Ke4 56. Nh4 g5 57. Ng2 Bxa5 58. Nf7 Bd7 59. h4 gxh4 60. Nxh4 Bd2
61. Kg2 Bc6 62. f3+ Kd5 63. Nf5 Ke6 64. N7xh6 Kf6 65. g4 Bd5 66. Kg3 Be6 67. Kh4
Bg5+ 68. Kh5 Bd5 69. Ng3 Bxf3 70. Ng8+ Kg7 71. Kxg5 Kxg8 72. Kf5 Bxg4+ 73. Kxg4
Kf7 74. Kf5 Kg7 75. Kxe5 1/2-1/2

[Event "III Dolnoslaska Liga Szachowa 2017/2018"]
[Site "Dolny Slask"]
[Date "1899-12-30"]
[Round "6.25"]
[White "Wasala, Wiktoria"]
[Black "Kmiecik, Emilia"]
[Result "1/2-1/2"]
[WhiteTitle "I"]
[BlackTitle "I+"]
[WhiteElo "1512"]
[BlackElo "1797"]

1. e4 c5 2. Nc3 Nc6 3. Nf3 e6 4. Bb5 Nd4 5. Ba4 Qa5 6. Bb3 Nxb3 7. cxb3 b5 8. O-O
Bb7 9. d4 b4 10. Na4 Bxe4 11. Re1 Bc6 12. d5 Bxa4 13. Ne5 Qd8 14. bxa4 Bd6 15.
dxe6 dxe6 16. Bg5 Nf6 17. Bxf6 gxf6 18. Nc4 Be7 19. Qh5 Qd5 20. Qxd5 exd5 21.
Ne3 O-O-O 22. Nxd5 Rxd5 23. Rxe7 Rhd8 24. Kf1 Rd1+ 25. Rxd1 Rxd1+ 26. Ke2 Ra1
27. a3 bxa3 28. bxa3 Ra2+ 29. Kd3 Rxa3+ 30. Kc4 Rxa4+ 31. Kxc5 Ra2 32. Rxf7 Rxf2
33. Rxa7 h5 34. Rg7 Rd2 35. h4 Kd8 36. g3 Ke8 37. Kc4 Kf8 38. Rh7 Rg2 39. Kd5
Rxg3 40. Ke6 Kg8 41. Rxh5 Kg7 42. Ra5 Re3+ 43. Kf5 Rc3 44. Ra7+ Kh6 45. Rb7 Rc4
46. Rb8 Kg7 47. Rb7+ Kh6 48. h5 Rc1 49. Kxf6 1/2-1/2

[Event "III Dolnoslaska Liga Szachowa 2017/2018"]
[Site "Dolny Slask"]
[Date "1899-12-30"]
[Round "6.26"]
[White "Grela, Kacper"]
[Black "Kossobudzki, Robert"]
[Result "1-0"]
[WhiteTitle "FM"]
[BlackTitle "I"]
[WhiteElo "2274"]
[BlackElo "2103"]

1. e4 c5 2. Nf3 a6 3. c3 d6 4. d4 Nd7 5. Bd3 g6 6. O-O Bg7 7. Re1 Qc7 8. a4 e5
9. dxe5 dxe5 10. Nbd2 Ngf6 11. Nc4 O-O 12. Bg5 Re8 13. Ne3 b6 14. Qb3 Bb7 15.
Bc4 Rf8 16. Nd5 Nxd5 17. exd5 Rae8 18. Rad1 Qd6 19. Nd2 f6 20. Ne4 Qb8 21. Be3
Kh8 22. a5 b5 23. Bxb5 axb5 24. Qxb5 Rf7 25. Nxc5 Nxc5 26. Bxc5 Qa8 27. Bb6 Rc8
28. d6 Bc6 29. Qf1 Rd7 30. c4 Ba4 31. Rd3 Bf8 32. b3 Bc6 33. Red1 Be4 34. R3d2
Qc6 35. c5 Bh6 36. Rb2 f5 37. b4 Bg7 38. b5 Qa8 39. f3 Bd5 40. Rbd2 Bb3 41. c6
Rxc6 42. bxc6 Qxc6 43. Rc1 Qa4 44. Rc8+ Bg8 45. Qd3 Bh6 46. Qd5 Rg7 47. d7 Bxd2
48. Rxg8+ 1-0

[Event "III Dolnoslaska Liga Szachowa 2017/2018"]
[Site "Dolny Slask"]
[Date "1899-12-30"]
[Round "6.27"]
[White "Grzesik, Norbert"]
[Black "Komendecki, Jacek"]
[Result "1/2-1/2"]
[WhiteTitle "I+"]
[BlackTitle "I++"]
[WhiteElo "1989"]
[BlackElo "2111"]

1. e4 e5 2. Nf3 Nf6 3. Nxe5 d6 4. Nf3 Nxe4 5. Nc3 Nxc3 6. dxc3 Be7 7. Bf4 Nd7 8.
Qd2 O-O 9. O-O-O Nc5 10. h3 Be6 11. Kb1 Re8 12. Nd4 Ne4 13. Qe3 Bf6 14. Nxe6 Rxe6
15. Qf3 c6 16. Bc4 d5 17. Bb3 a5 18. c4 a4 19. cxd5 axb3 20. dxe6 bxc2+ 21. Kxc2
Qb6 22. exf7+ Kxf7 23. Rd7+ Kf8 24. Qxe4 Qxb2+ 25. Kd1 Qxa2 26. Qb4+ Kg8 27. Re1
Qxf2 28. Qc4+ Kh8 29. Qe4 h6 30. Bxh6 Bc3 31. Bxg7+ Bxg7 32. Rd2 Ra1+ 33. Kc2
Ra2+ 34. Kb3 Rxd2 35. Qe8+ Bf8 36. Qh5+ Kg8 37. Qg6+ Kh8 38. Qh5+ Kg7 39. Qg5+
Kh8 40. Qh5+ 1/2-1/2

[Event "III Dolnoslaska Liga Szachowa 2017/2018"]
[Site "Dolny Slask"]
[Date "1899-12-30"]
[Round "6.28"]
[White "Krawiec, Grzegorz"]
[Black "Paprocki, Artur"]
[Result "1/2-1/2"]
[WhiteTitle "I"]
[BlackTitle "I"]
[WhiteElo "1714"]
[BlackElo "1871"]

1. e4 c5 2. Nf3 Nc6 3. d4 cxd4 4. Nxd4 e5 5. Nb5 a6 6. Nd6+ Bxd6 7. Qxd6 Qe7 8.
Qd1 Nf6 9. Nc3 d6 10. Bc4 Be6 11. Nd5 Bxd5 12. exd5 Nb8 13. O-O h6 14. a4 O-O
15. Be2 a5 16. g4 Nh7 17. Bd3 Nd7 18. c4 Rae8 19. Re1 Qh4 20. Qf3 Ndf6 21. h3
Ng5 22. Bxg5 Qxg5 23. Qe3 Qxe3 24. Rxe3 Nd7 25. Kg2 Nc5 26. Bc2 g6 27. g5 hxg5
28. Rg3 Kg7 29. Rxg5 Rh8 30. Ra3 Rh4 31. Rg4 Reh8 32. Rag3 Rxg4 33. hxg4 f6 34.
Rh3 Rxh3 35. Kxh3 Kh6 36. Kh4 Na6 37. Be4 Kg7 38. Kg3 Nc5 39. Bc2 Kf7 40. Kf3
g5 41. Ke3 Ke7 42. f3 Kd7 43. Kd2 Kc7 44. Kc3 Kb6 45. b3 Na6 46. Bf5 Nb4 47. Bc8
Na6 48. Bf5 Kc7 49. Bc2 Kb6 50. Bf5 Nc5 51. Bc2 Na6 52. Bf5 1/2-1/2

[Event "III Dolnoslaska Liga Szachowa 2017/2018"]
[Site "Dolny Slask"]
[Date "1899-12-30"]
[Round "6.29"]
[White "Sitek, Pawel"]
[Black "Lewandowski, Wiktor"]
[Result "1/2-1/2"]
[WhiteTitle "II"]
[BlackTitle "II"]
[WhiteElo "1713"]
[BlackElo "1490"]

1. Nf3 c5 2. g3 Nc6 3. e4 e5 4. Bg2 g6 5. O-O Bg7 6. d3 Nge7 7. Be3 d6 8. Nc3 O-O
9. Qd2 f5 10. Nd5 Nxd5 11. exd5 Ne7 12. Bg5 b5 13. a4 b4 14. c3 Rb8 15. c4 Qc7
16. Nh4 Bb7 17. Rae1 Rbe8 18. Bh3 Bc8 19. Kh1 Kh8 20. Bh6 Ng8 21. Bxg7+ Qxg7 22.
b3 f4 23. Bxc8 Rxc8 24. f3 g5 25. Ng2 Qh6 26. g4 Ne7 27. Qf2 Qh3 1/2-1/2

[Event "III Dolnoslaska Liga Szachowa 2017/2018"]
[Site "Dolny Slask"]
[Date "1899-12-30"]
[Round "6.30"]
[White "Karykowska, Anna"]
[Black "Skiba, Aleksandra"]
[Result "1-0"]
[WhiteTitle "I++"]
[BlackTitle "I+"]
[WhiteElo "1927"]
[BlackElo "1747"]

1. e4 c5 2. Nf3 Nc6 3. Nc3 e5 4. Bc4 d6 5. d3 Be7 6. O-O Nf6 7. Ng5 O-O 8. f4 h6
9. Nf3 Bg4 10. h3 Be6 11. Nd5 exf4 12. Bxf4 Bxd5 13. Bxd5 Nxd5 14. exd5 Nd4 15.
Nxd4 cxd4 16. Qg4 Kh7 17. Rae1 f5 18. Qh5 Bg5 19. Re6 Bxf4 20. Rxf4 Rc8 21. Rxf5
Rxc2 22. Rxf8 Qxf8 23. Qg6+ Kg8 24. Re8 Rc1+ 25. Kh2 Rc5 26. Rxf8+ Kxf8 27. Qxd6+
1-0

[Event "III Dolnoslaska Liga Szachowa 2017/2018"]
[Site "Dolny Slask"]
[Date "1899-12-30"]
[Round "7.1"]
[White "Balinski, Damian"]
[Black "Sernecki, Franciszek"]
[Result "1-0"]
[WhiteTitle "k"]
[BlackTitle "I+"]
[WhiteElo "2164"]
[BlackElo "2109"]

1. d4 d5 2. c4 e6 3. Nc3 Nf6 4. Bg5 Be7 5. Nf3 h6 6. Bh4 O-O 7. e3 Nbd7 8. Rc1
c6 9. a3 a6 10. c5 Ne4 11. Bxe7 Qxe7 12. Nxe4 dxe4 13. Nd2 f5 14. Nc4 e5 15. Nd6
Kh7 16. Bc4 b5 17. Ba2 exd4 18. Qxd4 Qf6 19. f4 Qxd4 20. exd4 Nf6 21. Rd1 Rb8
22. O-O b4 23. Bc4 Nd5 24. Bxd5 cxd5 25. Rc1 a5 26. c6 Rf6 27. c7 Ra8 28. Rc6
Kg8 29. Rfc1 Kf8 30. Rb6 Ke7 31. Rb8 Rxd6 32. Rxa8 Kd7 33. Rxa5 bxa3 34. bxa3
Bb7 35. c8=Q+ Bxc8 36. Ra7+ Kd8 37. Ra8 Rb6 38. Raxc8+ Kd7 39. R8c7+ Kd8 40. Rxg7
Rb3 41. g4 fxg4 42. f5 Rf3 43. Rf1 e3 44. Rxf3 gxf3 45. f6 e2 46. Kf2 Ke8 47.
a4 Kd8 48. a5 Kc8 49. f7 Kb7 50. f8=Q+ Ka6 51. Qb8 e1=Q+ 52. Kxe1 Kxa5 53. Ra7#
1-0

[Event "III Dolnoslaska Liga Szachowa 2017/2018"]
[Site "Dolny Slask"]
[Date "1899-12-30"]
[Round "7.2"]
[White "Holownia, Michal"]
[Black "Kossobudzki, Robert"]
[Result "1-0"]
[WhiteTitle "I+"]
[BlackTitle "I"]
[WhiteElo "1918"]
[BlackElo "2103"]

1. e4 c5 2. Nf3 a6 3. Nc3 b5 4. d4 cxd4 5. Nxd4 Bb7 6. Bd3 e5 7. Nf5 b4 8. Nd5
Bxd5 9. exd5 g6 10. Ng3 d6 11. O-O Bg7 12. a3 bxa3 13. Rxa3 Ne7 14. Ne4 O-O 15.
c4 Nf5 16. Bg5 f6 17. Bd2 Rf7 18. b4 Bf8 19. Qa1 Kg7 20. Qa2 Qb6 21. Ra1 Rfa7
22. b5 a5 23. g4 Nh4 24. Be3 Nf3+ 25. Kg2 Nd4 26. Qd2 Be7 27. Nc3 Nd7 28. Na4
Qd8 29. Bxd4 exd4 30. Be2 f5 31. gxf5 gxf5 32. Qf4 Bf6 33. Rg3+ Kh8 34. Qxf5 Be5
35. Bd3 Nf6 36. f4 Qe7 37. fxe5 dxe5 38. Re1 Re8 39. Be4 Rf8 40. Qe6 Qb4 41. Rf1
Re7 42. Qf5 Qd2+ 43. Rf2 Qe1 44. d6 Ree8 45. Bd5 d3 46. Qxd3 Nh5 47. Qe3 Rxf2+
48. Qxf2 Nf4+ 49. Kf3 Qd1+ 50. Ke4 Qb1+ 51. Kf3 Qd1+ 52. Ke4 Qb1+ 53. Kf3 Nxd5
54. Kg4 Rg8+ 55. Kh5 Nf4+ 56. Kh4 Qe4 57. Rxg8+ Kxg8 58. Qg3+ Kf7 59. Qg4 Qe1+
60. Qg3 Qe2 61. Qg4 Qxh2+ 62. Kg5 h6+ 63. Kf5 h5 64. Qg5 Qh3+ 65. Kxe5 Qe3+ 66.
Kf5 Qd3+ 67. Kxf4 Qd2+ 68. Kf5 Qd3+ 69. Ke5 Qe2+ 70. Kd5 Qd1+ 71. Kc6 Qxa4 72.
Qd5+ Kg6 73. d7 1-0

[Event "III Dolnoslaska Liga Szachowa 2017/2018"]
[Site "Dolny Slask"]
[Date "1899-12-30"]
[Round "7.3"]
[White "Grzesik, Norbert"]
[Black "Szczuraszyk, Jaroslaw"]
[Result "1-0"]
[WhiteTitle "I+"]
[BlackTitle "II+"]
[WhiteElo "1989"]
[BlackElo "1740"]

1. e4 c5 2. Nf3 Nc6 3. d4 cxd4 4. Nxd4 Nf6 5. Nc3 d6 6. Bg5 Bd7 7. Qd2 a6 8. f4
b5 9. O-O-O b4 10. Bxf6 gxf6 11. Nd5 a5 12. Bc4 e6 13. Rhe1 Nxd4 14. Qxd4 e5 15.
Qd3 Rb8 16. Kb1 Be7 17. Rf1 Bc6 18. Nxe7 Qxe7 19. Qxd6 Qxd6 20. Rxd6 Bxe4 21.
fxe5 Rc8 22. b3 fxe5 23. Bxf7+ Ke7 24. Re6+ Kd7 25. Rd1+ Kc7 26. Rxe5 Bxg2 27.
Rxa5 Be4 28. Rb5 Rhf8 29. Rxb4 Bxc2+ 30. Kxc2 Rxf7 31. Rc4+ Kb7 32. Rxc8 Kxc8
33. a4 Kc7 34. Kc3 Rf3+ 35. Rd3 Rf4 36. Rh3 Rf7 37. b4 Kb6 38. Rh6+ Kb7 39. Rh4
Kc6 40. Kc4 Kb6 41. a5+ Kb7 42. Rh5 Rf4+ 43. Kb5 Rf7 44. a6+ Kc7 45. Rc5+ Kb8
46. Kb6 1-0

[Event "III Dolnoslaska Liga Szachowa 2017/2018"]
[Site "Dolny Slask"]
[Date "1899-12-30"]
[Round "7.4"]
[White "Wieczorek, Mikolaj"]
[Black "Krosny, Miroslaw"]
[Result "0-1"]
[WhiteTitle "I"]
[BlackTitle "I"]
[WhiteElo "1701"]
[BlackElo "1983"]

1. e4 e5 2. Nf3 Nc6 3. d4 exd4 4. Nxd4 Qf6 5. Be3 Bc5 6. c3 Nge7 7. Bc4 Ne5 8.
Be2 Qg6 9. O-O d5 10. Nb5 Bh3 11. g3 Qxe4 12. f3 Qxe3+ 13. Kh1 O-O-O 14. Re1 Qf2
15. Rg1 Qxg1+ 16. Qxg1 Bxg1 17. Kxg1 a6 18. Nd4 Bd7 19. b4 Nf5 20. a4 Nxd4 21.
cxd4 Nc4 22. Nc3 Rhe8 23. Kf2 Re7 24. Nxd5 Rxe2+ 25. Kxe2 Be6 26. Nf4 Rxd4 27.
Rc1 b5 28. axb5 axb5 29. Nd3 Bf5 30. Nc5 Rd2+ 31. Kf1 Rxh2 32. Kg1 Re2 33. Ra1
Kd8 34. Ra8+ Ke7 35. Ra7 Kd6 36. g4 Be6 37. Ra8 Nd2 38. Rd8+ Ke7 39. Rd3 Bc4 40.
Rd7+ Ke8 0-1

[Event "III Dolnoslaska Liga Szachowa 2017/2018"]
[Site "Dolny Slask"]
[Date "1899-12-30"]
[Round "7.5"]
[White "Koszkul, Wojciech"]
[Black "Komendecki, Jacek"]
[Result "1/2-1/2"]
[WhiteTitle "I++"]
[BlackTitle "I++"]
[WhiteElo "2035"]
[BlackElo "2111"]

1. d4 d5 2. Nf3 e6 3. c4 c6 4. e3 f5 5. Nc3 Nf6 6. Be2 Bd6 7. O-O O-O 8. a3 Ne4
9. Bd2 Nd7 10. b4 g5 11. c5 Bc7 12. b5 g4 13. Ne1 Bxh2+ 14. Kxh2 Qh4+ 15. Kg1
Rf6 16. Nxe4 Rh6 17. f3 fxe4 18. fxg4 Qh2+ 19. Kf2 Qh4+ 20. Kg1 Qh2+ 21. Kf2 Qh4+
1/2-1/2

[Event "III Dolnoslaska Liga Szachowa 2017/2018"]
[Site "Dolny Slask"]
[Date "1899-12-30"]
[Round "7.6"]
[White "Krawiec, Grzegorz"]
[Black "Maciejewski, Waldemar"]
[Result "1/2-1/2"]
[WhiteTitle "I"]
[BlackTitle "k"]
[WhiteElo "1714"]
[BlackElo "2078"]

1. e4 d5 2. exd5 Nf6 3. d4 Nxd5 4. Nf3 g6 5. c4 Nf6 6. Nc3 Bg7 7. h3 O-O 8. Bd3
Nc6 9. Be3 Ne8 10. O-O Nxd4 11. Nxd4 Bxd4 12. Bxg6 hxg6 13. Bxd4 Nd6 14. b3 Nf5
15. Be5 Qxd1 16. Raxd1 c6 17. Rfe1 f6 18. Bc7 Kf7 19. Ne2 e5 20. f4 exf4 21. Nxf4
g5 22. Nd3 Ng7 23. Nc5 Re8 24. Rxe8 Nxe8 25. Bg3 b6 26. Nb7 Bxb7 27. Rd7+ Ke6
28. Rxb7 Nd6 29. Rc7 Ne4 30. Rxc6+ Kf5 31. Be1 Rd8 32. Rc7 Rd1 33. Kf1 Ra1 34.
Rxa7 Nd2+ 35. Kf2 Nxb3 36. Bc3 Rc1 37. Bxf6 Nc5 38. Bd8 Ne4+ 39. Ke3 Re1+ 40.
Kf3 Rf1+ 41. Ke2 Rf2+ 42. Ke3 Rxg2 43. Rf7+ Kg6 44. Rf1 Nd2 45. Rf6+ Kg7 46. Kd3
Nxc4 47. Kxc4 Rxa2 48. Rxb6 Rc2+ 49. Kd3 Rh2 50. Bf6+ Kf7 51. Bxg5 Rxh3+ 52. Ke4
Ra3 53. Bd2 Ra2 54. Bc3 Re2+ 55. Kd5 Ra2 56. Rf6+ Ke7 57. Rg6 Rc2 58. Rg7+ Kf8
59. Be5 Ra2 60. Rb7 Ra6 61. Bd6+ Kg8 62. Be5 Kf8 63. Ke4 Ke8 64. Rh7 Re6 65. Kd5
Re7 66. Rh6 Rd7+ 67. Ke6 Re7+ 68. Kd5 Rf7 69. Kc6 Rf1 70. Rh7 Rf7 71. Rh6 Rf1
72. Rh7 Rf7 73. Rh8+ Rf8 74. Rh4 Rf1 75. Kd5 Kf7 76. Rh7+ Kg6 77. Rg7+ Kh5 78.
Ke4 Kh6 79. Rg2 Kh7 80. Bf4 Rb1 81. Kf5 Rf1 82. Rg4 Rb1 83. Be5 Rf1+ 84. Ke6 Rb1
85. Bf6 Rb7 86. Be7 Kh6 87. Kf7 Rb5 88. Rh4+ Rh5 89. Bf8+ Kg5 90. Be7+ Kh6 91.
Rg4 Rb5 92. Rg8 Kh5 93. Bf6 Rb7+ 94. Ke6 Rb6+ 95. Kf5 Rb5+ 96. Be5 Rb6 97. Rg2
Rb4 98. Rg8 Rb6 99. Rg1 Rb4 100. Rg5+ Kh4 1/2-1/2

[Event "III Dolnoslaska Liga Szachowa 2017/2018"]
[Site "Dolny Slask"]
[Date "1899-12-30"]
[Round "7.7"]
[White "Lipien, Wieslaw"]
[Black "Lewandowski, Wiktor"]
[Result "1-0"]
[WhiteTitle "I++"]
[BlackTitle "II"]
[WhiteElo "2036"]
[BlackElo "1490"]

1. e4 c5 2. Nf3 e6 3. d4 cxd4 4. Nxd4 Nc6 5. Be3 Qc7 6. Be2 Nf6 7. Nxc6 bxc6 8.
Nc3 Bb4 9. O-O O-O 10. Bd3 d5 11. exd5 exd5 12. h3 Be6 13. Qf3 Be7 14. Bd4 Rfd8
15. Rfe1 a6 16. Be5 Qb7 17. Ne2 c5 18. Nf4 Qd7 19. Nxe6 fxe6 20. Rad1 Rf8 21.
Qe2 Rac8 22. Bxa6 Ra8 23. Bb5 Qa7 24. Bc6 Rad8 25. Bxf6 Rxf6 26. Bxd5 Rxd5 27.
Rxd5 exd5 28. Qxe7 Qa5 29. Re3 Qd2 30. Re2 Qc1+ 31. Kh2 Qf4+ 32. g3 Qf3 33. Qe3
Qxe3 34. fxe3 Kf7 35. Kg2 Ra6 36. a3 c4 37. c3 Rb6 38. Rd2 Ke6 39. Kf3 Ke5 40.
h4 h6 41. g4 Rb5 42. e4 dxe4+ 43. Ke3 g5 44. hxg5 hxg5 45. Rd4 Rxb2 46. Rxc4 Rb3
47. a4 Kd5 48. Rd4+ Kc6 49. Kxe4 Rxc3 50. Kf5 Rc5+ 51. Kf6 Ra5 52. Re4 Kd6 53.
Re6+ Kd7 54. Re5 Rxa4 55. Kxg5 Ra1 56. Kg6 Kd6 57. Re2 Rg1 58. g5 Rf1 59. Kg7
Rg1 60. g6 Rg3 61. Kf7 Rf3+ 62. Kg8 Rg3 63. g7 Kd7 64. Re4 Rg1 65. Kh7 1-0

[Event "III Dolnoslaska Liga Szachowa 2017/2018"]
[Site "Dolny Slask"]
[Date "1899-12-30"]
[Round "7.8"]
[White "Malecki, Mateusz"]
[Black "Wilk, Aleksander"]
[Result "0-1"]
[WhiteTitle "II"]
[BlackTitle "III"]
[WhiteElo "1598"]
[BlackElo "1279"]

1. e4 c5 2. Nf3 e6 3. d4 cxd4 4. Nxd4 Qb6 5. Nb3 Nc6 6. Be3 Qc7 7. Be2 Nf6 8. N1d2
d5 9. exd5 Nxd5 10. O-O Bd6 11. Nf3 Nxe3 12. fxe3 a6 13. c4 Ne5 14. h3 O-O 15.
Rc1 Rd8 16. Qc2 Bc5 17. Nxc5 Qxc5 18. Nd4 Nc6 19. Kh1 Nxd4 20. exd4 Rxd4 21. Bd3
f5 22. Rce1 Bd7 23. Rf3 b5 24. b3 Rc8 25. Rfe3 Qd6 26. Qe2 b4 27. Rd1 Rc5 28.
Qf3 Bc6 29. Qh5 g6 30. Qe2 Be4 31. Kg1 Kf7 32. Qf1 Bxd3 33. Rexd3 Rxd3 34. Rxd3
Qc7 35. Qd1 Ke7 36. Qd2 f4 37. Qxb4 a5 38. Qd2 Re5 39. Kh1 g5 40. Qc2 Re1+ 41.
Kh2 f3+ 0-1

[Event "III Dolnoslaska Liga Szachowa 2017/2018"]
[Site "Dolny Slask"]
[Date "1899-12-30"]
[Round "7.9"]
[White "Kmiecik, Emilia"]
[Black "Lascar, Maria Elena"]
[Result "0-1"]
[WhiteTitle "I+"]
[BlackTitle "I+"]
[WhiteElo "1797"]
[BlackElo "1606"]

1. d4 f5 2. c4 Nf6 3. Nc3 e6 4. Nf3 Be7 5. Qc2 d5 6. e3 O-O 7. Bd3 g6 8. O-O b6
9. b3 c5 10. dxc5 bxc5 11. Bb2 Nc6 12. a3 Rb8 13. cxd5 exd5 14. Rfd1 Qb6 15. Rab1
Rd8 16. Ba1 Qa5 17. Na4 Ne4 18. Bxe4 fxe4 19. Ne5 Qc7 20. Nxc6 Qxc6 21. Rdc1 Rb5
22. Bd4 c4 23. b4 a5 24. Nc3 Rb7 25. b5 Qe6 26. a4 Bg5 27. Ne2 Qg4 28. Ng3 h5
29. Qd1 Qe6 30. Qd2 h4 31. Ne2 Rf8 32. Nf4 Qd6 33. g3 hxg3 34. fxg3 Bd8 35. Rd1
g5 36. Ne2 Rbf7 37. Rf1 Bh3 38. Rxf7 Rxf7 39. Nc3 Qf8 40. Qd1 Rf2 41. Be5 Rg2+
42. Kh1 d4 43. Qxd4 Rf2 44. Qd5+ Kh7 45. Qxe4+ Kh6 46. Qc6+ Kh5 47. g4+ Bxg4 48.
Kg1 Bh3 49. Bf4 Rg2+ 50. Kh1 gxf4 51. Qf3+ Kh4 52. Rd1 Bb6 53. Rd5 0-1